000 00611cam a22002291 4500
001 7534036
005 20180309035015.0
008 720713s1966 xx 000 0 eng
010 _a 66017449
035 _a(OCoLC)355218
040 _aDLC
_cOAU
_dOCoLC
_dDLC
041 _aeng
042 _apremarc
080 _a320.944
082 _a320.944 WIL
100 1 _a19
101 _aSHP
245 1 0 _aCrisis and compromise;
_c[by] Philip M. Williams.
504 _aBibliography: p. [504]-509.
906 _a7
_bcbc
_coclcrpl
_du
_encip
_f19
_gy-gencatlg
942 _2ddc
_cBK
999 _c44537
_d44537